000 00392nam a2200157Ia 4500
008 230917s9999||||xx |||||||||||||| ||und||
040 _e203781
_aMAIN
041 _aEnglish
082 _a657.95 M748F(22)
100 _aMonga, J R
245 0 _aFundamentals of corporate accounting
250 _a22nd ed.
260 _aNew Delhi
_bMayur Paperbacks
_c2017
300 _av. p.
942 _cBK
999 _c174254
_d174254